Welcome to CU Library Online Public Access Catalogue (OPAC)

ARE MIRACULOUS GIFTS FOR TODAY? FOUR VIEWS (Record no. 6959)

MARC details
000 -LEADER
fixed length control field 00405nam a22001457a 4500
005 - DATE AND TIME OF LATEST TRANSACTION
control field 20250714135350.0
008 - FIXED-LENGTH DATA ELEMENTS--GENERAL INFORMATION
fixed length control field 250714b |||||||| |||| 00| 0 eng d
020 ## - INTERNATIONAL STANDARD BOOK NUMBER
International Standard Book Number 9780851111797
050 ## - LIBRARY OF CONGRESS CALL NUMBER
Classification number BT117
Item number GRU
245 ## - TITLE STATEMENT
Title ARE MIRACULOUS GIFTS FOR TODAY? FOUR VIEWS
Statement of responsibility, etc. EDITED BY WAYNE GRUDEM
260 ## - PUBLICATION, DISTRIBUTION, ETC.
Place of publication, distribution, etc. LEICESTER
Name of publisher, distributor, etc. INTERVARSITY PRESS
Date of publication, distribution, etc. c1996
300 ## - PHYSICAL DESCRIPTION
Extent 368p
700 ## - ADDED ENTRY--PERSONAL NAME
Personal name WAYNE GRUDEM
942 ## - ADDED ENTRY ELEMENTS (KOHA)
Source of classification or shelving scheme Library of Congress Classification
Koha item type Books
Suppress in OPAC No
999 ## -
-- 6959
-- 6959
Holdings
Withdrawn status Lost status Source of classification or shelving scheme Damaged status Not for loan Collection Home library Current library Shelving location Date acquired Total checkouts Full call number Barcode Date last seen Copy number Price effective from Koha item type
    Library of Congress Classification     Non-fiction Undergraduate Library (Christ Temple) Undergraduate Library (Christ Temple) General stacks 07/14/2025   BT117 GRU ulct00003839 07/14/2025 1 07/14/2025 Books
© 2023-2024 Copyright: Central University Libraries. All Rights Reserved | Created by: Mahone Tech Office